| 000 | 01050nam0a2200301 4500 | ||
|---|---|---|---|
| 001 | RU\NLR\bibl\1391704 | ||
| 005 | 20260405182339.0 | ||
| 010 |
_a978-5-486-02857-1 _97000 |
||
| 021 |
_aRU _b2009-39307 _92386 |
||
| 035 | _a(NLR Aleph) 001383737 | ||
| 090 |
_a1118378 _c1118378 |
||
| 100 | _a20090713d2009 |||y0rusy50 ca | ||
| 101 | 1 |
_arus _cger |
|
| 102 | _aRU | ||
| 105 | _aa ||||||||| | ||
| 200 | 1 |
_aОригинальные блюда _e[перевод с немецкого _fElizabeth Bangert] |
|
| 210 |
_aМосква _cМир книги _d2009 |
||
| 215 |
_a63, [1] с. _cцв. ил. _d22 |
||
| 225 | 1 | _aПраздничные идеи | |
| 606 | 1 |
_aКулинария _xРецептура _92080572 _3RU\NLR\auth\661256513 |
|
| 686 | _aЛ997 | ||
| 702 | 1 |
_4220 _8rus _7ca _aБангерт _bЭ. _gЭлизабет _3RU\NLR\auth\7779081 _962009 |
|
| 790 | 1 |
_4070 _8ger _7ba _aBangert _bE. _gElisabeth _3RU\NLR\auth\7779082 _962010 |
|
| 801 | 0 |
_aRU _bNLR _c20090713 _gRCR |
|
| 801 | 1 |
_aRU _bNLR _c20090713 |
|
| 942 | _cBOOK | ||
| 980 | _aNB | ||